000 01267cam a2200313 4500
001 WS114689
008 010921n 000 0 eng u
035 _a(Sirsi) u114689
110 _aDepartment for Environment, Food and Rural Affairs
_94094
245 _aDEFRA : Rural Development
520 _aWeb site for this government programme which aims to help farmers and foresters to respond better to consumer requirements and become more competitive, diverse, flexible and environmentally responsible. Includes details of the schemes they run and links to publications.
650 _aGOVERNMENT
650 _aEUROPE
650 _aAPPLICATION FORMS
650 _aCOUNTRYSIDE STEWARDSHIP SCHEME
650 _aENVIRONMENTALLY SENSITIVE AREAS
650 _aENERGY CROPS SCHEME
650 _aFARM WOODLAND PREMIUM SCHEME
650 _aHILL FARM ALLOWANCE SCHEME
650 _aORGANIC FARMING SCHEME
650 _aPROCESSING AND MARKETING GRANT
650 _aRURAL ENTERPRISE SCHEMES
650 _aWOODLAND GRANT SCHEME
650 _aRURAL DEVELOPMENT
650 _aENGLAND RURAL DEVELOPMENT PRPGRAMME
690 _aRural
_96268
856 4 0 _uhttps://www.defra.gov.uk/erdp
_zView the websitefree of charge at www.defra.gov.uk/erdp...
942 _n0
999 _c119900
_d119900